ミリマス声優のインターネット番組 - Statistics

General Stats
  • This quiz has been taken 13 times
    10 since last reset
  • The average score is 6 of 23
Answer Stats
キャスト アイドル 番組運営 番組名 サイト % Correct
山崎はるか 春日未来 セカンドショット 愛美とはるかの2年A組青春アクティ部! ニコ/YT
78%
愛美 ジュリア セカンドショット 愛美とはるかの2年A組青春アクティ部! ニコ/YT
78%
香里有佐 桜守歌織 amiami 香里有佐の有麺団 ニコ/YT
56%
伊藤美来 七尾百合子 セカンドショット Pyxisのキラキラ大作戦! ニコ/YT
56%
セカンドショット まぁたんゆりりん ニコ/YT
44%
セカンドショット まぁたんゆりりん ニコ/YT
44%
Machico 伊吹翼 ボイスガレッジ Machicoのあそんでつくろ! ニコ
33%
今井麻美 如月千早 KADOKAWA 今井麻美のニコニコSSG ニコ/YT
33%
藤井ゆきよ 所恵美 ボイスガレッジ 藤井・渡部のいっちょかめ! ニコ
22%
渡部優衣 横山奈緒 ボイスガレッジ 藤井・渡部のいっちょかめ! ニコ
22%
amiami れい&ゆいのホームランラジオ! ニコ/YT
22%
髙橋ミナミ 馬場このみ IFUKUBO ch 青木と髙橋のもうすぐ金になるラジオ YT
22%
ボイスガレッジ 峯田茉優は香里有佐と仲良くなりたい! ニコ/YT
22%
ボイスガレッジ 南早紀の変な意味じゃなくて ただ可愛いって言いたいラジオ ニコ
22%
上田麗奈 高坂海美 イマジカインフォス アトリエReina ニコ/YT
22%
南早紀 白石紬 amiami 南早紀の唐揚げはおあずけ ニコ
11%
駒形友梨 高山紗代子 ボイスカレッジ 三澤紗千香・駒形友梨の さちゆりゲーム実況部 〜Press Any Button!〜 ニコ
11%
KADOKAWA 今井麻美のアトリエ@@いまい ニコ/YT
0%
チーム伊藤美来 チーム伊藤の会 YT
0%
郁原ゆう エミリー ボイスガレッジ ゆうちゃのゆう遊自的 ニコ/YT
0%
阿部里果 真壁瑞希 ボイスガレッジ 阿部里果と山崎エリイの これって推し事なんです ニコ/YT
0%
木戸衣吹 矢吹可奈 OPENREC 木戸衣吹のまだまだFRESH!です OR
0%
たかはし智秋 三浦あずさ たかはし智秋 たかはし智秋のLADY LUCK CLUB ニコ/YT
0%
No matching quizzes found
Score Distribution
Percent of People with Each Score
Percentile by Number Answered
Your Score History
You have not taken this quiz since the last reset